00784nam a2200193 a 4500003000200000005001700002008004100019050002700060100003400087245006300121260009300184300004000277504004100317650006600358650004200424650003600466650004800502650004000550020250227091059.0100827s19uu xx 00 eng d aPGS TD 792b.M266 2010 aManansala, Kevin Christian S. aWaste management awareness cKevin Christian S. Manansala. aLas Piñas City, Philippines : bSouthville International School and Colleges, c2010. a28 pages :billustrations ;c28 cm. aIncludes bibliographical references. aWaste management—Study and teaching (Elementary education). aEnvironmental awareness in children.  aRecyclingvEducational aspects. aSustainability educationvSchool programs.  aGarbage disposalvPublic awareness.